000 00348nam a2200109Ia 4500
008 171211s9999 xx 000 0 und d
245 _aSupervising And Writing A Good Undergraduate Dissertation
245 _cJohn Dallat and Roisin Donnelly
260 _c2013
650 _xLANGUAGES
856 _uhttp://down.ebook777.com/024/SupAndWriAGooUndDis.pdf
999 _c349759
_d349759